THE USE OF POLYVINYL SUPERCHLORIDE IN MORPHOLOGICAL STUDIES OF TISSUE CULTURES

Bibliographic Details
Main Author: Wlodarski, K. (Author)
Format: Article
Language:Slovak
English

MARC

LEADER 00000nab a2200000ua 4500
001 vtls010769296
003 SK-MaSNL
005 20260304203356.0
008 250718s1968 xo |||||||||||||||||slo|
035 |a (urnnbn)urn:nbn:sk:snk:ar-a029yv 
035 |a (uuid)e683db43-e456-4cd4-981e-a15e8f655304 
035 |a urn:nbn:sk:snk-ab4ip6 
040 |a SNKBUCL  |b slo  |c SNKBUCL  |e AACR2 
041 0 |a eng 
044 |a xo  |c SK 
100 1 |a Wlodarski, K.  |4 aut  |9 1535965 
245 1 0 |a THE USE OF POLYVINYL SUPERCHLORIDE IN MORPHOLOGICAL STUDIES OF TISSUE CULTURES  |c K. Wlodarski 
773 0 |t Acta virologica  |g Roč. 12, č. 3 (1968), s. 280-[281a] 
850 |a Slovenská národná knižnica 
852 |a Slovenská národná knižnica 
958 |a article3 
958 |a OND 
958 |a EUIPO 
999 |c 3109358  |d 3111288